| 000 | 00941nam a22002537a 4500 | ||
|---|---|---|---|
| 999 |
_c64161 _d64161 |
||
| 005 | 20240530110717.0 | ||
| 008 | 180311s2016 ua g 000 f ara d | ||
| 017 |
_a2016/13389 _bمصر. دار الكتب |
||
| 020 | _a9789773192846 | ||
| 040 |
_aEG-CaGPL _cEG-CaGPL |
||
| 082 | 0 | 4 |
_221 _a839.31 / _bف ج |
| 100 | 1 | _aفيرينيجا، تومى | |
| 245 | 1 | 0 |
_aجوى سبيدبوت : _bرواية من هولندا / _cفيرينيجا تومى ؛ ترجمة عثمان خليفة |
| 250 | _aط. 1 | ||
| 260 |
_aالقاهرة : _bالعربى للنشر و التوزيع ، _c2016. |
||
| 300 |
_a342 ص. ؛ _c19 سم. |
||
| 650 | 0 | 7 |
_2qrmak _aالادب الهولندى |
| 650 | 0 | 7 |
_2qrmak _aاللغة الهولندية |
| 650 | 0 | 7 |
_2qrmak _aالقصص الهولندية المترجمة |
| 651 | _2qrmak | ||
| 700 | 0 |
_aعثمان خليفة _eمترجم |
|
| 942 |
_2ddc _cBK |
||